000 00612nam a22002057a 4500
001 sjds170084
003 sjds
005 20170615111002.0
008 170615b wiu||||| |||| 00| 0 spa d
040 _csjds
041 _aspa
100 _aOttum, Bob.
245 _aLos Aviones /
_cpor Bob Ottum ; ilustrado por Art Seiden ; traducido por René V. Sánchez
260 _aRacine, Wis. :
_bGolden Press,
_cc1972.
300 _a1 volume (unpaged)
_b illustrations
_c21 cm
650 _aAirplanes
_vJuvenile literature.
700 1 0 _aSeiden, Art.
_eillus.
700 1 0 _aSánchez, René V.
_etrans.
942 _cBK
999 _c17622
_d17622